Die meisten bewaldeten europäischen Länder - Statistiken

Allgemein
  • Dieses Quiz wurde 365 mal gespielt
  • Das Durchschnittsergebnis liegt bei 7 aus 10
Antwortstatistiken
*% Waldland % Korrekt
72.00 Finnland
97%
68.95 Schweden
97%
49.40 Russland
90%
47.20 Österreich
81%
61.00 Estland
78%
60.00 Lettland
78%
60.00 Slowenien
62%
44.00 Kroatien
53%
53.00 Bosnien und Herzegowina
47%
43.75 Liechtenstein
41%
Keine übereinstimmenden Quizze gefunden
Verteilung der Resultate
Anzahl Personen mit jedem Resultat
Perzentil nach korrekt beantworteten Fragen
Ihre Resultats-Entwicklung
Sie haben dieses Quiz noch nicht gespielt